[Event "Wch Seniors 65 28th"]
[Site "Bled"]
[Date "2018.11.27"]
[Round "9"]
[White "Acosta, Mariano"]
[Black "Sorcnik, Franc"]
[Result "1/2-1/2"]
[WhiteElo "1721"]
[BlackElo "2028"]
[PlyCount "40"]
[EventDate "2018.11.18"]
[EventType "swiss"]
[EventRounds "11"]
[EventCountry "SLO"]
[SourceTitle "CBM 187 Extra"]
[Source "ChessBase"]
[SourceDate "2018.11.04"]
[SourceVersion "1"]
[SourceVersionDate "2018.11.04"]
[SourceQuality "1"]

1. e4 c5 2. b3 e5 3. Bc4 Nf6 4. Nc3 Nc6 5. Nge2 Be7 6. d3 d6 7. Bg5 a6 8. a4 0-0 9. Bxf6 Bxf6 10. Nd5 Rb8 11. a5 Bg4 12. h3 Be6 13. Nxf6+ Qxf6 14. Qd2 Nd4 15. Nxd4 cxd4 16. 0-0 Qe7 17. f4 f6 18. f5 Bf7 19. g4 Rfd8 20. Rae1 h6 1/2-1/2

[Event "Bled Planinc Memorial 1st"]
[Site "Bled"]
[Date "2018.11.24"]
[Round "1"]
[White "Acosta, Mariano"]
[Black "Ule, Evald"]
[Result "0-1"]
[WhiteElo "1721"]
[BlackElo "2248"]
[PlyCount "68"]
[EventDate "2018.11.24"]
[EventType "swiss (blitz)"]
[EventRounds "9"]
[EventCountry "SLO"]
[SourceTitle "CBM 187 Extra"]
[Source "ChessBase"]
[SourceDate "2018.11.04"]
[SourceVersion "1"]
[SourceVersionDate "2018.11.04"]
[SourceQuality "1"]

1. d4 Nf6 2. Nf3 d5 3. c3 c6 4. Bg5 Bf5 5. Nbd2 Nbd7 6. e3 h6 7. Bh4 e6 8. h3 Qb6 9. Qb3 Bd6 10. g4 Bh7 11. Rg1 g5 12. Bg3 Bxg3 13. Rxg3 0-0-0 14. Qxb6 axb6 15. a4 Kc7 16. Rg1 Ra8 17. Be2 Ra7 18. Kf1 Rha8 19. b3 b5 20. Kg2 bxa4 21. Ra3 axb3 22. Rxb3 b5 23. Ne5 Nxe5 24. dxe5 Nd7 25. Nf1 Ra2 26. Ng3 Nxe5 27. Rc1 Rd2 28. Kf1 Raa2 29. f4 Nd3 30. Rd1 Rxd1+ 31. Bxd1 gxf4 32. Nh5 fxe3 33. Nf6 Rf2+ 34. Kg1 Rxf6 0-1

[Event "Wch Seniors 65 28th"]
[Site "Bled"]
[Date "2018.11.18"]
[Round "1"]
[White "Acosta, Mariano"]
[Black "Norman, Kenneth I"]
[Result "1/2-1/2"]
[WhiteElo "1721"]
[BlackElo "2099"]
[PlyCount "81"]
[EventDate "2018.11.18"]
[EventType "swiss"]
[EventRounds "11"]
[EventCountry "SLO"]
[SourceTitle "CBM 187 Extra"]
[Source "ChessBase"]
[SourceDate "2018.11.04"]
[SourceVersion "1"]
[SourceVersionDate "2018.11.04"]
[SourceQuality "1"]

1. Nf3 Nf6 2. c4 g6 3. b3 Bg7 4. Bb2 0-0 5. g3 c5 6. Bg2 Nc6 7. 0-0 d5 8. Ne5 Nxe5 9. Bxe5 Be6 10. d3 Rc8 11. Nc3 d4 12. Bxf6 Bxf6 13. Ne4 Qd7 14. Nxf6+ exf6 15. Rb1 Bh3 16. Bxh3 Qxh3 17. e4 f5 18. Qf3 fxe4 19. Qxe4 Qd7 20. Rfe1 b6 21. f4 Rfe8 22. Qf3 Rc6 23. Re4 Rxe4 24. dxe4 Re6 25. e5 Qe7 26. Re1 h5 27. Kf2 Kg7 28. h3 f6 29. Qd5 fxe5 30. fxe5 Qf7+ 31. Kg2 Qf5 32. Qd7+ Kh6 33. Qd8 Qc2+ 34. Kh1 Qf5 35. Kg2 Qc2+ 36. Kg1 Qc3 37. Qf8+ Kh7 38. Qf7+ Kh6 39. Qf8+ Kh7 40. Qf7+ Kh6 41. Qf8+ 1/2-1/2

[Event "Quebec op"]
[Site "Quebec"]
[Date "2018.07.28"]
[Round "9"]
[White "Acosta, Mariano"]
[Black "Lemieux, Serge"]
[Result "1-0"]
[WhiteElo "1802"]
[BlackElo "1702"]
[PlyCount "41"]
[EventDate "2018.07.21"]
[EventType "swiss"]
[EventRounds "9"]
[EventCountry "CAN"]
[SourceTitle "CBM 186 Extra"]
[Source "ChessBase"]
[SourceDate "2018.08.24"]
[SourceVersion "1"]
[SourceVersionDate "2018.08.24"]
[SourceQuality "1"]

1. Nf3 d5 2. c4 c6 3. b3 Bg4 4. Ne5 Bf5 5. Bb2 f6 6. Nf3 e5 7. g3 Bc5 8. cxd5 cxd5 9. Bg2 Ne7 10. 0-0 Nbc6 11. d4 Bd6 12. dxe5 Nxe5 13. Nd4 Bd7 14. Nc3 N5c6 15. Nxd5 Nxd4 16. Nxe7 Qxe7 17. Bxd4 Be5 18. Bxe5 Qxe5 19. Bxb7 Rd8 20. Qd5 Qxd5 21. Bxd5 1-0

[Event "Quebec op"]
[Site "Quebec"]
[Date "2018.07.25"]
[Round "6"]
[White "Chang, Alexander Rz"]
[Black "Acosta, Mariano"]
[Result "1/2-1/2"]
[WhiteElo "1597"]
[BlackElo "1802"]
[PlyCount "96"]
[EventDate "2018.07.21"]
[EventType "swiss"]
[EventRounds "9"]
[EventCountry "CAN"]
[SourceTitle "CBM 186 Extra"]
[Source "ChessBase"]
[SourceDate "2018.08.24"]
[SourceVersion "1"]
[SourceVersionDate "2018.08.24"]
[SourceQuality "1"]

1. e4 c5 2. Nf3 g6 3. d4 cxd4 4. Nxd4 Bg7 5. c4 Nc6 6. Be3 Nf6 7. Nc3 0-0 8. Be2 d6 9. 0-0 Ne5 10. f3 Bd7 11. Qd2 Rc8 12. b3 a6 13. Rac1 Nc6 14. Nd5 Re8 15. Nxc6 Bxc6 16. Nxf6+ Bxf6 17. Rfd1 b6 18. Bd4 e5 19. Be3 Be7 20. Qc2 Qc7 21. b4 Bb7 22. Qb3 Kg7 23. Bd3 Rf8 24. Rc2 f5 25. a4 f4 26. Bf2 Rb8 27. Qa2 Bc8 28. a5 bxa5 29. bxa5 Be6 30. Bb6 Rxb6 31. axb6 Qxb6+ 32. Kh1 Rc8 33. Rb1 Qe3 34. Bf1 Qa7 35. Ra1 Rc6 36. Qb2 Bc8 37. Rc3 Bd8 38. Rb3 Bb6 39. Rb1 Bd4 40. Qa2 Rb6 41. Rxb6 Bxb6 42. Qd2 Bd4 43. Qa5 Qd7 44. Bd3 Qe7 45. Bc2 h5 46. Rb8 Be6 47. Qd8 Qxd8 48. Rxd8 Bc5 1/2-1/2

[Event "Quebec op"]
[Site "Quebec"]
[Date "2018.07.24"]
[Round "5"]
[White "Acosta, Mariano"]
[Black "Yagiz, Bora"]
[Result "1-0"]
[WhiteElo "1802"]
[BlackElo "1862"]
[PlyCount "61"]
[EventDate "2018.07.21"]
[EventType "swiss"]
[EventRounds "9"]
[EventCountry "CAN"]
[SourceTitle "CBM 186 Extra"]
[Source "ChessBase"]
[SourceDate "2018.08.24"]
[SourceVersion "1"]
[SourceVersionDate "2018.08.24"]
[SourceQuality "1"]

1. d4 Nf6 2. Nf3 g6 3. c3 Bg7 4. Bg5 h6 5. Bh4 d6 6. Nbd2 Bf5 7. Qb3 Qc8 8. h3 Nbd7 9. g4 Be6 10. Qc2 d5 11. Bg3 c5 12. e3 c4 13. Ne5 Nxe5 14. Bxe5 0-0 15. f4 Bxg4 16. hxg4 Nxg4 17. Ke2 f5 18. Nf3 Bf6 19. Bh3 h5 20. Bxg4 hxg4 21. Ng5 Bxg5 22. fxg5 Kf7 23. Rh7+ Ke6 24. Rah1 Qc6 25. R1h6 Rg8 26. Kd1 b5 27. Qh2 b4 28. Bf6 exf6 29. gxf6 g3 30. Qxg3 Kxf6 31. Qh4+ 1-0

[Event "Veliko Gradiste Silver Lake op-A"]
[Site "Veliko Gradiste"]
[Date "2017.06.23"]
[Round "7"]
[White "Acosta, Mariano"]
[Black "Kukic, Boris"]
[Result "1/2-1/2"]
[WhiteElo "1993"]
[BlackElo "2042"]
[PlyCount "171"]
[EventDate "2017.06.18"]
[EventType "swiss"]
[EventRounds "9"]
[EventCountry "SRB"]
[SourceTitle "CBM 179 Extra"]
[Source "ChessBase"]
[SourceDate "2017.08.23"]
[SourceVersion "1"]
[SourceVersionDate "2017.08.23"]
[SourceQuality "1"]

1. d4 Nf6 2. Nf3 b6 3. Bg5 Bb7 4. Nbd2 d5 5. Bxf6 gxf6 6. g3 Qd6 7. Bg2 Nd7 8. 0-0 f5 9. e3 e6 10. c4 h5 11. Re1 h4 12. Nxh4 Rxh4 13. gxh4 Nf6 14. cxd5 Bxd5 15. Bxd5 exd5 16. Qf3 Qe6 17. Rec1 0-0-0 18. Nf1 Bd6 19. Ng3 Rg8 20. Rc6 Kb7 21. Rac1 Ne4 22. Kh1 f4 23. exf4 f5 24. a4 Rg4 25. h5 Qf6 26. Nxe4 dxe4 27. Qc3 Qd8 28. a5 Bxf4 29. axb6 axb6 30. Rxb6+ Kc8 31. Ra1 Qd5 32. Qb3 Qxb3 33. Rxb3 Rh4 34. h3 Rxh5 35. Kg2 Kd7 36. Rh1 Rh4 37. f3 e3 38. Re1 Rh6 39. Rexe3 Rg6+ 40. Kf2 Rg3 41. Rb5 Rxh3 42. Rxf5 Rh2+ 43. Kg1 Bd6 44. Rb5 Kc6 45. Rbb3 Kd5 46. Red3 Rc2 47. Rdc3 Rd2 48. Rd3 Rc2 49. Kf1 Bg3 50. Rd1 Rf2+ 51. Kg1 Rc2 52. Rb5+ Kd6 53. Rg5 Bf4 54. Rg2 Be3+ 55. Kf1 Rc4 56. Rgd2 Kd5 57. Ke2 Bf4 58. Kf2 Rc6 59. Kf1 Rh6 60. Rc2 Bd6 61. Ke2 Re6+ 62. Kd3 Rf6 63. Rf2 Bf4 64. Ra1 Rb6 65. Ra5+ Ke6 66. Rc2 Bd6 67. Ra2 Kf5 68. Ke2 Rb4 69. Rd2 Kf4 70. Rd3 Rb8 71. d5 Re8+ 72. Kd2 Kf5 73. Ra4 Rb8 74. Kc2 Be5 75. b3 Rh8 76. Rd2 Rh3 77. Rf2 Bg3 78. Rf1 Ke5 79. Rd1 Rh2+ 80. Kc3 Rf2 81. Rd3 Kd6 82. Ra6+ Kc5 83. Rc6+ Kb5 84. Kd4 Re2 85. Rc5+ Kb4 86. Rc4+ 1/2-1/2

[Event "Veliko Gradiste Silver Lake op-A"]
[Site "Veliko Gradiste"]
[Date "2017.06.19"]
[Round "2"]
[White "Acosta, Mariano"]
[Black "Isik, Alparslan"]
[Result "0-1"]
[WhiteElo "1993"]
[BlackElo "2161"]
[PlyCount "40"]
[EventDate "2017.06.18"]
[EventType "swiss"]
[EventRounds "9"]
[EventCountry "SRB"]
[SourceTitle "EXT 2018"]
[Source "ChessBase"]
[SourceDate "2017.10.13"]
[SourceVersion "1"]
[SourceVersionDate "2017.10.13"]
[SourceQuality "1"]

1. d4 Nf6 2. Nf3 g6 3. Bg5 Bg7 4. Nbd2 c5 5. e3 d5 6. c3 Nbd7 7. Bd3 0-0 8. 0-0 b6 9. a4 Bb7 10. a5 Ne4 11. Bf4 f6 12. Nxe4 dxe4 13. Bc4+ Kh8 14. Nd2 bxa5 15. Qa4 Nb6 16. Qxa5 e5 17. Bg3 cxd4 18. cxd4 exd4 19. Ba6 Bxa6 20. Qxa6 f5 0-1

[Event "Veliko Gradiste Silver Lake op-A"]
[Site "Veliko Gradiste"]
[Date "2017.06.19"]
[Round "3"]
[White "Milutinovic, Stefana"]
[Black "Acosta, Mariano"]
[Result "1-0"]
[WhiteElo "2140"]
[BlackElo "1993"]
[PlyCount "83"]
[EventDate "2017.06.18"]
[EventType "swiss"]
[EventRounds "9"]
[EventCountry "SRB"]
[SourceTitle "CBM 179 Extra"]
[Source "ChessBase"]
[SourceDate "2017.08.23"]
[SourceVersion "1"]
[SourceVersionDate "2017.08.23"]
[SourceQuality "1"]

1. Nf3 Nf6 2. d4 g6 3. c4 d5 4. cxd5 Nxd5 5. e4 Nb6 6. h3 Bg7 7. Nc3 0-0 8. Be2 Nc6 9. Be3 Na5 10. 0-0 Nac4 11. Bc1 e5 12. d5 Nd6 13. a4 a6 14. a5 Nd7 15. Ra3 h6 16. Nd2 b5 17. axb6 cxb6 18. Nc4 Nxc4 19. Bxc4 Bb7 20. Be2 b5 21. Ra1 Rc8 22. Be3 Nb6 23. Qd2 Kh7 24. b3 f5 25. f3 f4 26. Bf2 Rf6 27. Rfc1 Bf8 28. Na2 g5 29. Rxc8 Nxc8 30. Rc1 Rg6 31. Qc3 Bd6 32. Nb4 Ne7 33. Nd3 Qh8 34. Bc5 Nxd5 35. exd5 Bxc5+ 36. Qxc5 Rg8 37. Qe7+ Rg7 38. Qxe5 Qd8 39. d6 Qb6+ 40. Qc5 Qa5 41. Ne5 Qd2 42. Qc2+ 1-0

[Event "Veliko Gradiste Silver Lake op-A"]
[Site "Veliko Gradiste"]
[Date "2017.06.18"]
[Round "1"]
[White "Popovic, Aleksandar M"]
[Black "Acosta, Mariano"]
[Result "1-0"]
[WhiteElo "2262"]
[BlackElo "1993"]
[PlyCount "49"]
[EventDate "2017.06.18"]
[EventType "swiss"]
[EventRounds "9"]
[EventCountry "SRB"]
[SourceTitle "EXT 2018"]
[Source "ChessBase"]
[SourceDate "2017.10.13"]
[SourceVersion "1"]
[SourceVersionDate "2017.10.13"]
[SourceQuality "1"]

1. c4 e5 2. Nc3 Nf6 3. g3 g6 4. Bg2 Bg7 5. Nf3 d6 6. 0-0 0-0 7. d3 Nbd7 8. e4 a5 9. h3 Nc5 10. Be3 b6 11. Qd2 Re8 12. Rab1 Bd7 13. b3 h6 14. Bxh6 Bh8 15. Kh2 Ne6 16. Ne2 c5 17. Ng5 a4 18. Nc3 axb3 19. Rxb3 Nh7 20. Rb2 b5 21. cxb5 Ra3 22. b6 Bc6 23. Nd5 Bxd5 24. exd5 Nd4 25. Ne4 1-0

[Event "American Continental 11th"]
[Site "Montevideo"]
[Date "2015.05.18"]
[Round "5"]
[White "Menna Barreto, Felipe Kubiaki"]
[Black "Acosta, Mariano"]
[Result "1-0"]
[WhiteElo "2271"]
[BlackElo "1967"]
[PlyCount "103"]
[EventDate "2015.05.15"]
[EventType "swiss"]
[EventRounds "11"]
[EventCountry "URU"]
[SourceTitle "CBM 167"]
[Source "ChessBase"]
[SourceDate "2015.07.13"]
[SourceVersion "1"]
[SourceVersionDate "2015.07.13"]
[SourceQuality "1"]

1. e4 e5 2. Nf3 Nc6 3. Bc4 Bc5 4. c3 Nf6 5. d4 exd4 6. e5 d5 7. Bb5 Ne4 8. cxd4 Bb4+ 9. Bd2 Bxd2+ 10. Nbxd2 0-0 11. Bxc6 bxc6 12. Qe2 Nxd2 13. Nxd2 f6 14. 0-0 c5 15. dxc5 Qe7 16. Qd3 Qxc5 17. Rac1 Qb6 18. exf6 Qxf6 19. Rxc7 Bf5 20. Qxd5+ Kh8 21. Ne4 Bxe4 22. Qxe4 Qxb2 23. Qc2 Qf6 24. Qc3 h6 25. Qxf6 Rxf6 26. Rfc1 Raf8 27. R1c2 a6 28. Rd2 Rb6 29. g3 a5 30. Ra7 Rb5 31. Kg2 Rbf5 32. f4 R8f6 33. Rd8+ Kh7 34. Rdd7 Rg6 35. Kf3 Rc5 36. Rac7 Rxc7 37. Rxc7 Rb6 38. Ra7 Rb2 39. Rxa5 Rxh2 40. a4 Ra2 41. Kg4 Ra3 42. Ra7 Kg6 43. f5+ Kf6 44. Ra6+ Kf7 45. Kf4 Ra1 46. a5 Ra4+ 47. Ke5 Rg4 48. Ra7+ Kg8 49. a6 Rxg3 50. Rb7 Ra3 51. a7 Ra5+ 52. Kd4 1-0

[Event "London Classic op 6th"]
[Site "London"]
[Date "2014.12.10"]
[Round "3"]
[White "Farkas, Lajos"]
[Black "Acosta, Mariano"]
[Result "0-1"]
[WhiteElo "2219"]
[BlackElo "1981"]
[PlyCount "104"]
[EventDate "2014.12.08"]
[EventType "swiss"]
[EventRounds "9"]
[EventCountry "ENG"]
[SourceTitle "CBM 163 Extra"]
[Source "ChessBase"]
[SourceDate "2014.12.23"]
[SourceVersion "1"]
[SourceVersionDate "2014.12.23"]
[SourceQuality "1"]

1. d4 d6 2. Nf3 Nd7 3. e4 e5 4. Bc4 c6 5. dxe5 dxe5 6. c3 Bc5 7. b4 Bb6 8. Qb3 Qe7 9. Bg5 Ngf6 10. Nbd2 h6 11. Bh4 a5 12. Rd1 Bc7 13. a3 0-0 14. 0-0 g5 15. Bg3 Nh5 16. Rfe1 Nxg3 17. hxg3 Nf6 18. Nf1 b5 19. Bd3 Ng4 20. N3h2 Bb6 21. Nxg4 Bxg4 22. Rc1 Rfd8 23. c4 axb4 24. axb4 Be6 25. Qb1 Ra3 26. c5 Rb3 27. Qa1 Bc7 28. Bb1 Rxb4 29. Ne3 Rd2 30. Qa8+ Kg7 31. Qxc6 Rbb2 32. Rcd1 Ba5 33. Rxd2 Bxd2 34. Rf1 Bb4 35. Qxb5 Qxc5 36. Qe8 Bc3 37. Rc1 Qb4 38. Bd3 Rd2 39. Nd5 Bxd5 40. exd5 Rxd3 41. Qd7 Qc5 42. d6 Rxd6 43. Rxc3 Qxf2+ 44. Kxf2 Rxd7 45. g4 Rd4 46. Kf3 Rd2 47. Rc6 e4+ 48. Kg3 Rd3+ 49. Kf2 Rd2+ 50. Kg3 e3 51. Rc3 e2 52. Re3 Rd3 0-1

[Event "London Classic op 6th"]
[Site "London"]
[Date "2014.12.08"]
[Round "1"]
[White "Williams, Simon Kim"]
[Black "Acosta, Mariano"]
[Result "1-0"]
[WhiteElo "2443"]
[BlackElo "1981"]
[PlyCount "79"]
[EventDate "2014.12.08"]
[EventType "swiss"]
[EventRounds "9"]
[EventCountry "ENG"]
[SourceTitle "CBM 163 Extra"]
[Source "ChessBase"]
[SourceDate "2014.12.23"]
[SourceVersion "1"]
[SourceVersionDate "2014.12.23"]
[SourceQuality "1"]

1. d4 Nf6 2. c4 g6 3. Nc3 d5 4. Nf3 Bg7 5. h4 0-0 6. h5 Nxh5 7. cxd5 c5 8. e4 Bg4 9. dxc5 Qa5 10. Be2 Qxc5 11. Rh4 Bxf3 12. Bxf3 Bxc3+ 13. bxc3 Qxc3+ 14. Bd2 Qf6 15. g3 Ng7 16. Kf1 Nd7 17. Kg2 Ne5 18. Be2 Rac8 19. Be3 g5 20. Rh2 Qg6 21. Qd4 f6 22. Rah1 Rc2 23. Rh6 Qxh6 24. Rxh6 Rxe2 25. Qd1 Rxa2 26. d6 e6 27. Qb1 Re2 28. Rh1 Nc4 29. Bxa7 f5 30. Qd3 Ra2 31. Qxc4 Rxa7 32. d7 Raa8 33. exf5 b5 34. Qc6 exf5 35. Re1 Kh8 36. Re7 f4 37. Qh6 f3+ 38. Kh2 Rg8 39. Qxg5 Raf8 40. Rxg7 1-0

[Event "Wch Seniors 65 24th"]
[Site "Katerini"]
[Date "2014.11.04"]
[Round "11"]
[White "Acosta, Mariano"]
[Black "Koryabkin, Valery"]
[Result "1-0"]
[WhiteElo "1942"]
[BlackElo "2072"]
[PlyCount "76"]
[EventDate "2014.10.24"]
[EventType "swiss"]
[EventRounds "11"]
[EventCountry "GRE"]
[SourceTitle "EXT 2015"]
[Source "ChessBase"]
[SourceDate "2014.11.20"]
[SourceVersion "1"]
[SourceVersionDate "2014.11.20"]
[SourceQuality "1"]

1. e4 c5 2. Nf3 a6 3. g3 Nc6 4. Bg2 e6 5. d3 d6 6. 0-0 Be7 7. c3 Nf6 8. Qe2 0-0 9. d4 Re8 10. e5 Nd7 11. h4 d5 12. Nbd2 Nf8 13. Rd1 cxd4 14. cxd4 Bd7 15. Nf1 Rc8 16. Bg5 Nb4 17. Ne3 Qb6 18. Qd2 Rc7 19. a3 Nc6 20. Ng4 Kh8 21. Rac1 Bxg5 22. hxg5 Ng6 23. Bf1 Rec8 24. Kg2 Na5 25. Rxc7 Rxc7 26. b4 Nc4 27. Qa2 Ba4 28. Rb1 Ne7 29. Bd3 Nf5 30. Qa1 Qc6 31. Rh1 Bb5 32. Bxf5 exf5 33. Qb1 Qe6 34. Nf6 h6 35. g4 Nxa3 36. Rxh6+ gxh6 37. Qh1 Bf1+ 38. Kg3 Bc4 1-0

[Event "Wch Seniors 65 24th"]
[Site "Katerini"]
[Date "2014.11.01"]
[Round "8"]
[White "Reuben, Stewart"]
[Black "Acosta, Mariano"]
[Result "1-0"]
[WhiteElo "2089"]
[BlackElo "1942"]
[PlyCount "73"]
[EventDate "2014.10.24"]
[EventType "swiss"]
[EventRounds "11"]
[EventCountry "GRE"]
[SourceTitle "EXT 2015"]
[Source "ChessBase"]
[SourceDate "2014.11.20"]
[SourceVersion "1"]
[SourceVersionDate "2014.11.20"]
[SourceQuality "1"]

1. c4 e5 2. g3 h5 3. d3 h4 4. Nf3 hxg3 5. fxg3 Nc6 6. Bg2 Bb4+ 7. Bd2 a5 8. Nc3 Bxc3 9. Bxc3 d6 10. Qd2 f6 11. d4 exd4 12. Nxd4 Ne5 13. b3 a4 14. 0-0 Ne7 15. Rad1 c6 16. Nf3 Nf7 17. Qe3 Bd7 18. b4 Qc7 19. Bd4 Ra6 20. Nh4 Ne5 21. c5 d5 22. Bxe5 Qxe5 23. Rd3 0-0 24. Qd2 Bg4 25. Re3 Qc7 26. Qd4 Bc8 27. a3 Ra8 28. Qf4 Qxf4 29. Rxf4 g5 30. Rf1 Kf7 31. Rxe7+ Kxe7 32. Ng6+ Kf7 33. Nxf8 Bg4 34. Nh7 Kg7 35. Nxf6 Bxe2 36. Rf2 Ba6 37. Bf1 1-0

[Event "Wch Seniors 65 24th"]
[Site "Katerini"]
[Date "2014.10.25"]
[Round "2"]
[White "Gergel, Vladimir P"]
[Black "Acosta, Mariano"]
[Result "1-0"]
[WhiteElo "2202"]
[BlackElo "1942"]
[PlyCount "75"]
[EventDate "2014.10.24"]
[EventType "swiss"]
[EventRounds "11"]
[EventCountry "GRE"]
[SourceTitle "EXT 2015"]
[Source "ChessBase"]
[SourceDate "2014.11.20"]
[SourceVersion "1"]
[SourceVersionDate "2014.11.20"]
[SourceQuality "1"]

1. d4 d5 2. c4 dxc4 3. Nf3 Nf6 4. g3 b5 5. Bg2 Bb7 6. a4 a6 7. b3 e6 8. axb5 axb5 9. Rxa8 Bxa8 10. bxc4 bxc4 11. Qa4+ Bc6 12. Qxc4 Qd5 13. Qc2 Bb4+ 14. Bd2 Qa5 15. 0-0 0-0 16. Bxb4 Qxb4 17. Nbd2 h6 18. e3 Rc8 19. Rb1 Qf8 20. Rxb8 Rxb8 21. Qxc6 Qd6 22. Qc2 Nd7 23. Ne4 Qb6 24. Nfd2 g6 25. h4 Kg7 26. g4 f5 27. Ng3 c5 28. dxc5 Qxc5 29. Qa4 Qc1+ 30. Ndf1 Qc7 31. gxf5 exf5 32. h5 Nf6 33. hxg6 Kxg6 34. Bh3 f4 35. exf4 Rg8 36. Be6 Rg7 37. Qd4 Kh7 38. Qxf6 1-0

[Event "London Classic op 5th"]
[Site "London"]
[Date "2013.12.09"]
[Round "3"]
[White "Bao, Qilin"]
[Black "Acosta, Mariano"]
[Result "1-0"]
[WhiteElo "2166"]
[BlackElo "1991"]
[PlyCount "75"]
[EventDate "2013.12.07"]
[EventType "swiss"]
[EventRounds "9"]
[EventCountry "ENG"]
[SourceTitle "CBM 157 Extra"]
[Source "ChessBase"]
[SourceDate "2013.12.19"]
[SourceVersion "1"]
[SourceVersionDate "2013.12.19"]
[SourceQuality "1"]

1. e4 e5 2. Nc3 Nf6 3. g3 Bc5 4. Bg2 d6 5. Nge2 Nc6 6. Na4 Bb6 7. 0-0 h5 8. Nxb6 axb6 9. h3 h4 10. g4 g5 11. d4 Nh7 12. c4 f6 13. Be3 Nf8 14. d5 Nb8 15. b4 Na6 16. Qb3 Ng6 17. Rfc1 Nf4 18. Bf1 Bd7 19. f3 c5 20. dxc6 bxc6 21. Rd1 Qc7 22. Nc3 Be6 23. Qb2 0-0 24. a3 Ng6 25. Qf2 Rfb8 26. Na4 c5 27. b5 Qd7 28. bxa6 Qxa4 29. Rxd6 Kf7 30. Rb1 Qxa3 31. Rbxb6 Rxb6 32. Rxb6 Rxa6 33. Rb7+ Kg8 34. Bxc5 Qa1 35. Qb2 Bxc4 36. Rb8+ Kg7 37. Qb7+ Kh6 38. Rh8+ 1-0

[Event "Wch Seniors 23rd"]
[Site "Opatija"]
[Date "2013.11.21"]
[Round "9"]
[White "Gromark, Per Olof"]
[Black "Acosta, Mariano"]
[Result "1-0"]
[WhiteElo "2102"]
[BlackElo "1978"]
[PlyCount "129"]
[EventDate "2013.11.12"]
[EventType "swiss"]
[EventRounds "11"]
[EventCountry "CRO"]
[SourceTitle "CBM 157 Extra"]
[Source "ChessBase"]
[SourceDate "2013.12.19"]
[SourceVersion "1"]
[SourceVersionDate "2013.12.19"]
[SourceQuality "1"]

1. Nf3 g6 2. c4 Bg7 3. Nc3 Nf6 4. e4 d6 5. d4 0-0 6. Be2 Nbd7 7. 0-0 e5 8. Be3 Re8 9. d5 Nc5 10. Nd2 a5 11. b3 Nfd7 12. Qc2 Rf8 13. Bg4 Nf6 14. Bxc8 Qxc8 15. f3 Nh5 16. a3 f5 17. b4 axb4 18. axb4 Rxa1 19. Rxa1 Na6 20. Rb1 f4 21. Bf2 g5 22. c5 g4 23. Ne2 Bh6 24. b5 Nb8 25. cxd6 g3 26. hxg3 fxg3 27. Nxg3 cxd6 28. Rc1 Qxc2 29. Rxc2 Nxg3 30. Bxg3 Nd7 31. Rc7 Be3+ 32. Bf2 Bxf2+ 33. Kxf2 Nc5 34. Ke3 Rf7 35. Rc8+ Rf8 36. Rc7 Rf7 37. Rxf7 Kxf7 38. Nc4 Ke7 39. Kf2 Nd3+ 40. Kg3 Nf4 41. Kh2 h5 42. g3 Ne2 43. b6 Kd7 44. Nd2 Ke7 45. Kh3 Ke8 46. Kh4 Ke7 47. g4 hxg4 48. fxg4 Kf7 49. Kg5 Nc3 50. Kf5 Ne2 51. g5 Nd4+ 52. Kg4 Ke7 53. Nc4 Nb5 54. Kf5 Nd4+ 55. Kg6 Ne2 56. Kh7 Nc3 57. Nd2 Na4 58. g6 Nxb6 59. g7 Nd7 60. g8Q Nf6+ 61. Kg7 Nxg8 62. Kxg8 Kf6 63. Kf8 b5 64. Ke8 Kg5 65. Kd7 1-0

[Event "Wch Seniors 23rd"]
[Site "Opatija"]
[Date "2013.11.18"]
[Round "6"]
[White "Acosta, Mariano"]
[Black "Fucak, Emilijo"]
[Result "0-1"]
[WhiteElo "1978"]
[BlackElo "2223"]
[PlyCount "112"]
[EventDate "2013.11.12"]
[EventType "swiss"]
[EventRounds "11"]
[EventCountry "CRO"]
[SourceTitle "CBM 157 Extra"]
[Source "ChessBase"]
[SourceDate "2013.12.19"]
[SourceVersion "1"]
[SourceVersionDate "2013.12.19"]
[SourceQuality "1"]

1. e4 c5 2. Nf3 Nc6 3. g3 Nf6 4. d3 d5 5. Qe2 dxe4 6. dxe4 Bg4 7. Qe3 e5 8. Bb5 Qb6 9. Nc3 Bd6 10. h3 Bxf3 11. Qxf3 0-0 12. Bxc6 Qxc6 13. Bg5 Nd7 14. Rd1 Rae8 15. 0-0 h6 16. Bc1 c4 17. Nd5 Nb6 18. Bxh6 f5 19. Be3 Bc5 20. Bxc5 Qxc5 21. Nc3 Qb4 22. Rb1 f4 23. g4 Re6 24. a3 Qc5 25. Rbd1 Rh6 26. Rd2 Rh4 27. Rfd1 Rf6 28. Rd8+ Kh7 29. Kg2 Rfh6 30. R1d2 Qe7 31. Rb8 Qg5 32. Rdd8 Rxh3 33. Qxh3 Rxh3 34. Rh8+ Kg6 35. Kxh3 f3 36. Rbf8 Qc1 37. Kg3 Qxb2 38. Rxf3 Qxc2 39. Rb8 Qc1 40. Kg2 Nd7 41. Rxb7 Nc5 42. Rc7 Nd3 43. Rff7 Qxc3 44. Rxg7+ Kh6 45. Rh7+ Kg5 46. Rcf7 Nf4+ 47. Kh2 Qc2 48. Rfg7+ Ng6 49. Rf7 Kxg4 50. Rfg7 Kg5 51. Rd7 Qxf2+ 52. Kh1 c3 53. Rd6 Qf3+ 54. Kg1 Qxe4 55. Kf2 c2 56. Rc7 Qf4+ 0-1